| 000 | 01148cam a22001814a 4500 | ||
|---|---|---|---|
| 005 | 20250605164144.0 | ||
| 008 | 250528s ||||||||||||||||||||||||d | ||
| 035 | _a19102 | ||
| 040 |
_aGR-AtMCL _bgre _dGR-AtMCL _eAACR2 |
||
| 245 | 1 |
_aΣυνταγματικό Δίκαιο / Θεμελιώδη Δικαιώματα. _nΤόμος Γ' |
|
| 260 |
_bΑντ. Ν. Σάκκουλα, _c1988 |
||
| 300 | _a344 | ||
| 520 | _aΠρόλογος, Συντομογραφίες, Έννοια και Βιβλιογραφία και Ιστορική Εξέλιξη και Πηγές, Δομή και Λειτουργία των Θεμελιωδών Δικαιωμάτων, Η Οργάνωση των Θεμελιωδών Δικαιωμάτων, Πεδίο Προστασίας και Περιορισμοί, Εγγυήσεις Τήρησης των Θεμελιωδών Δικαιωμάτων, Θεωρητικά Προλεγόμενα και Ιδεολογικές Επισημάνσεις, Πίνακας Μνημονευμένων Άρθρων. | ||
| 700 | 1 |
_aΤσάτσος Δημήτρης Θ _94680 |
|
| 942 | _cBK | ||
| 999 |
_c4381 _d4381 |
||